¿Valieron la pena las privatizaciones? /
Uloženo v:
| Hlavní autor: | |
|---|---|
| Další autoři: | |
| Médium: | Text |
| Témata: | |
| Tagy: |
Přidat tag
Žádné tagy, Buďte první, kdo vytvoří štítek k tomuto záznamu!
|
MARC
| LEADER | 00000 a a2200000 04500 | ||
|---|---|---|---|
| 001 | 41850 | ||
| 003 | |||
| 040 | |||
| 100 | |a Chong, Alberto | ||
| 245 | |a ¿Valieron la pena las privatizaciones? / |c Alberto Chong ; Eduardo Lora | ||
| 650 | |a GOBIERNO/PRIVATIZACIONES/ANALISIS COMPARATIVO/BRASIL/ARGENTINA/URUGUAY | ||
| 700 | |a Lora, Eduardo | ||
| 773 | |g número207 (enero-febrero , 2007), páginas 80-92 | ||
| 999 | |c 38692 |d 38692 | ||
